Ảnh hưởng của bón calcium oxide, comcat, nitrate kali lên sinh trưởng và sản sinh proline của cây lúa trên đất phù sa bị mặn trồng trong nhà lưới : Luận văn thạc sỹ khoa học nông nghiệp chuyên ngành trồng trọt

Đề tài được thực hiện nhằm mục đích:(1) tìm hiểu đáp ứng của Calcium oxide, comcat, nitrate kali lên sinh trưởng và năng suất của cây lúa trên đất phù sa bị mặn và đánh giá khả năng sản sinh proline của cây lúa do xử lý calcium oxide, comcat, nitrat...

全面介绍

Đã lưu trong:
书目详细资料
主要作者: Võ, Thị Ngọc Nhanh
格式: 图书
语言:Undetermined
出版: Cần Thơ Trường Đại học Cần Thơ 2011
主题:
标签: 添加标签
没有标签, 成为第一个标记此记录!
Thư viện lưu trữ: Trung tâm Học liệu Trường Đại học Cần Thơ
LEADER 01353nam a2200229Ia 4500
001 CTU_173719
008 210402s9999 xx 000 0 und d
082 |a 633.18 
082 |b Nh107 
088 |a 606201 
100 |a Võ, Thị Ngọc Nhanh 
245 0 |a Ảnh hưởng của bón calcium oxide, comcat, nitrate kali lên sinh trưởng và sản sinh proline của cây lúa trên đất phù sa bị mặn trồng trong nhà lưới : 
245 0 |b Luận văn thạc sỹ khoa học nông nghiệp chuyên ngành trồng trọt 
245 0 |c Võ Thị Ngọc Nhanh ; Ngô Ngọc Hưng, Nguyễn Bảo Vệ ( Người hướng dẫn khoa học) 
260 |a Cần Thơ 
260 |b Trường Đại học Cần Thơ 
260 |c 2011 
520 |a Đề tài được thực hiện nhằm mục đích:(1) tìm hiểu đáp ứng của Calcium oxide, comcat, nitrate kali lên sinh trưởng và năng suất của cây lúa trên đất phù sa bị mặn và đánh giá khả năng sản sinh proline của cây lúa do xử lý calcium oxide, comcat, nitrate kali. 
650 |a Rice,Lúa 
650 |x Planting,Trồng trọt 
904 |i thúy phượng,Hải 
980 |a Trung tâm Học liệu Trường Đại học Cần Thơ